|
|
|
|
| LEADER |
00852nab a2200193 i 4500 |
| 001 |
misc15064 |
| 005 |
20191106140443.0 |
| 008 |
170607s2015 hu o 0|| hun d |
| 022 |
|
|
|a 0025-0260
|
| 024 |
7 |
|
|a http://dx.doi.org/10.17670/MPed.2015.4.319
|2 doi
|
| 040 |
|
|
|a SZTE Miscellanea Repozitórium
|b hun
|
| 041 |
|
|
|a hun
|
| 100 |
1 |
|
|a Szabó Diána
|
| 245 |
1 |
2 |
|a A fogyatékossággal élő személyekkel kapcsolatos holisztikus megközelítések kialakulásának összefüggései
|h [elektronikus dokumentum] /
|c Szabó Diána
|
| 260 |
|
|
|c 2015
|
| 300 |
|
|
|a 319-341
|
| 490 |
0 |
|
|a Magyar pedagógia : a Magyar Tudományos Akadémia Pedagógiai Bizottságának folyóirata
|v 115 No. 4
|
| 695 |
|
|
|a Csökkent képességűek oktatás, Emberi jogok fogyatékossággal élők
|
| 856 |
4 |
0 |
|u http://misc.bibl.u-szeged.hu/15064/1/mp_2015_004_319-341.pdf
|z Dokumentum-elérés
|